• 首页
  • 本馆介绍
  • 公告通知
  • 最新文献
  • 馆藏检索
  • 电子资源
  • 读者导购
  • 参考咨询
  • 我的图书馆
  • 登录
  • 详细信息显示
  • 放入我的书架
  • 预约/预借图书
  • 作者相关作品
  • 分类相关作品
  • 丛书相关作品
  • 出版社相关作品

书目信息

  • 表格格式
  • 工作单格式
  • 卡片格式
题名:
声色画卷 呈现不一样的精彩
    
 
作者: 殷颖 著
分册:  
出版信息: 北京   中国国际广播出版社  2019.10
页数: 199页
开本: 21cm
丛书名:
单 册:
中图分类: G613.5
科图分类:
主题词: 音乐课--教学研究--学前教育
电子资源:
ISBN: 978-7-5078-4558-7
000 01579nam0 2200253 450
001 0103152648
005 20201103152730.0
010    @a978-7-5078-4558-7@dCNY45.00
100    @a20200610d2019 em y0chiy50 ea
101 0  @achi
102    @aCN@b110000
105    @aa z 000yy
106    @ar
200 1  @a声色画卷 呈现不一样的精彩@Asheng se hua juan cheng xian bu yi yang de jing cai@e运用电子白板优化幼儿园音乐集体教学活动的实践研究@f殷颖著
210    @a北京@c中国国际广播出版社@d2019.10
215    @a199页@c图, 照片@d21cm
314    @a殷颖,上海市闵行区万源城幼儿园教师兼信息主管,一级教师。
330    @a本书是闵行区教育科研良好课题“运用电子白板优化幼儿园音乐集体教学活动的实践研究”的研究成果。通过研究,电子白板在幼儿集体音乐教学活动的应用得到了可喜的进展,逐渐从“重展示轻常态”向“重展示重常态”转变,从“重现状轻深入”向“拓展型研究”转变。实施过程中,我们注重日常教研、理论结合实践,老师们充分感受到了白板对于幼儿园集体音乐教学活动的意义,能够正确运用白板技术,研究并设计的音乐教学活动能充分发挥白板的优势功能;从歌唱、音乐游戏、律动和打击乐等四个方面对幼儿园音乐集体教学进行优化,注重发挥孩子们在音乐活动中的主体地位和在音乐活动中的随机教育,关注孩子们的音乐兴趣和探究能力,实现了白板信息技术与幼儿园音乐集体教学活动有效融合。
517 1  @a运用电子白板优化幼儿园音乐集体教学活动的实践研究@Ayun yong dian zi bai ban you hua you er yuan yin yue ji ti jiao xue huo dong de shi jian yan jiu
606 0  @a音乐课@x教学研究@x学前教育
690    @aG613.5@v5
701  0 @a殷颖@Ayin ying@4著
801  0 @aCN@bBJSZM@c20201103
905    @b1256091-5@dG613.5@e1046@f5
    
    声色画卷 呈现不一样的精彩:运用电子白板优化幼儿园音乐集体教学活动的实践研究/殷颖著.-北京:中国国际广播出版社,2019.10
    199页:图, 照片;21cm
    
    
    ISBN 978-7-5078-4558-7:CNY45.00
    本书是闵行区教育科研良好课题“运用电子白板优化幼儿园音乐集体教学活动的实践研究”的研究成果。通过研究,电子白板在幼儿集体音乐教学活动的应用得到了可喜的进展,逐渐从“重展示轻常态”向“重展示重常态”转变,从“重现状轻深入”向“拓展型研究”转变。实施过程中,我们注重日常教研、理论结合实践,老师们充分感受到了白板对于幼儿园集体音乐教学活动的意义,能够正确运用白板技术,研究并设计的音乐教学活动能充分发挥白板的优势功能;从歌唱、音乐游戏、律动和打击乐等四个方面对幼儿园音乐集体教学进行优化,注重发挥孩子们在音乐活动中的主体地位和在音乐活动中的随机教育,关注孩子们的音乐兴趣和探究能力,实现了白板信息技术与幼儿园音乐集体教学活动有效融合。
●
相关链接 在E读中查询图书 在五车中查询图书 在当当中查询图书 在豆瓣中查询图书


正题名:声色画卷 呈现不一样的精彩     索取号:G613.5/1046         预约/预借

序号 登录号 条形码 馆藏地/架位号 状态 备注
1 1256091   212560913   第一样本阅览室/ [索取号:G613.5/1046] 在馆    
2 1256092   212560922   教育系资料室/ [索取号:G613.5/1046] 在馆    
3 1256093   212560931   教育系资料室/ [索取号:G613.5/1046] 在馆    
4 1256094   212560940   第四借阅区/ [索取号:G613.5/1046] 在馆    
5 1256095   212560959   第四借阅区/ [索取号:G613.5/1046] 在馆    
唐山师范学院图书馆 欢迎您!
大连网信软件有限公司© 版权所有